5HLuxD.jpg

KING HENRY VIII SENIOR AND PRIMARY SCHOOL LIBRARY OPAC

Never let me go / (Record no. 1880)

000 -LEADER
fixed length control field 01096pam a2200301 a 4500
001 - CONTROL NUMBER
control field 017171682
003 - CONTROL NUMBER IDENTIFIER
control field UkOxU
005 - DATE AND TIME OF LATEST TRANSACTION
control field 20230213153020.0
008 - FIXED-LENGTH DATA ELEMENTS--GENERAL INFORMATION
fixed length control field 091109r20062005enk 000 1 eng|d
015 ## - NATIONAL BIBLIOGRAPHY NUMBER
National bibliography number GBA9B1046
Source bnb
020 ## - INTERNATIONAL STANDARD BOOK NUMBER
International Standard Book Number 9780571258093 (pbk.) :
020 ## - INTERNATIONAL STANDARD BOOK NUMBER
International Standard Book Number 0571258093 (pbk.) :
035 ## - SYSTEM CONTROL NUMBER
System control number (Uk)015421363
040 ## - CATALOGING SOURCE
Original cataloging agency StDuBDS
Language of cataloging eng
Transcribing agency StDuBDS
Modifying agency Uk
-- KH8
042 ## - AUTHENTICATION CODE
Authentication code ukblcatcopy
082 04 - DEWEY DECIMAL CLASSIFICATION NUMBER
Classification number FIC ISH
Edition number 22
100 1# - MAIN ENTRY--PERSONAL NAME
Personal name Ishiguro, Kazuo,
Dates associated with a name 1954-
245 10 - TITLE STATEMENT
Title Never let me go /
Statement of responsibility, etc. Kazuo Ishiguro.
260 ## - PUBLICATION, DISTRIBUTION, ETC.
Place of publication, distribution, etc. London :
Name of publisher, distributor, etc. Faber and Faber,
Date of publication, distribution, etc. 2006.
300 ## - PHYSICAL DESCRIPTION
Extent 282 p. ;
Dimensions 20 cm.
500 ## - GENERAL NOTE
General note Originally published: 2005.
500 ## - GENERAL NOTE
General note Formerly CIP.
Institution to which field applies Uk
520 ## - SUMMARY, ETC.
Summary, etc. Kathy, Ruth and Tommy were pupils at Hailsham - an idyllic establishment situated deep in the English countryside. The children there were tenderly sheltered from the outside world, brought up to believe they were special, and that their personal welfare was crucial. But for what reason were they really there?
650 ## - SUBJECT ADDED ENTRY--TOPICAL TERM
Topical term or geographic name entry element Organ donors
650 ## - SUBJECT ADDED ENTRY--TOPICAL TERM
Topical term or geographic name entry element England
650 ## - SUBJECT ADDED ENTRY--TOPICAL TERM
Topical term or geographic name entry element Cloning
942 ## - ADDED ENTRY ELEMENTS (KOHA)
Source of classification or shelving scheme
Koha item type Books - Fiction
Holdings
Withdrawn status Lost status Source of classification or shelving scheme Damaged status Not for loan Collection code Permanent Location Current Location Shelving location Date acquired Total Checkouts Full call number Barcode Date last seen Date last checked out Price effective from Koha item type
          Fiction KH8 Senior School Library KH8 Senior School Library Young Adult 2023-02-13 2 FIC ISH 3KHSL000101962 2023-06-06 2023-05-23 2023-02-13 Books - Fiction

Powered By KH8 IT Dept